<?xml version="1.0" encoding="UTF-8"?><?xml-stylesheet type="text/xsl" href="static/style.xsl"?><OAI-PMH xmlns="http://www.openarchives.org/OAI/2.0/" xmlns:xsi="http://www.w3.org/2001/XMLSchema-instance" xsi:schemaLocation="http://www.openarchives.org/OAI/2.0/ http://www.openarchives.org/OAI/2.0/OAI-PMH.xsd"><responseDate>2026-04-17T17:23:26Z</responseDate><request verb="GetRecord" identifier="oai:www.recercat.cat:10459.1/465219" metadataPrefix="marc">https://recercat.cat/oai/request</request><GetRecord><record><header><identifier>oai:recercat.cat:10459.1/465219</identifier><datestamp>2025-09-15T18:11:55Z</datestamp><setSpec>com_2072_3622</setSpec><setSpec>col_2072_479130</setSpec></header><metadata><record xmlns="http://www.loc.gov/MARC21/slim" xmlns:dcterms="http://purl.org/dc/terms/" xmlns:xsi="http://www.w3.org/2001/XMLSchema-instance" xmlns:doc="http://www.lyncode.com/xoai" xsi:schemaLocation="http://www.loc.gov/MARC21/slim http://www.loc.gov/standards/marcxml/schema/MARC21slim.xsd">
   <leader>00925njm 22002777a 4500</leader>
   <datafield ind2=" " ind1=" " tag="042">
      <subfield code="a">dc</subfield>
   </datafield>
   <datafield ind2=" " ind1=" " tag="720">
      <subfield code="a">Villero Pi, Daniel</subfield>
      <subfield code="e">author</subfield>
   </datafield>
   <datafield ind2=" " ind1=" " tag="720">
      <subfield code="a">Montori, Albert</subfield>
      <subfield code="e">author</subfield>
   </datafield>
   <datafield ind2=" " ind1=" " tag="720">
      <subfield code="a">Llorente, Gustavo A.</subfield>
      <subfield code="e">author</subfield>
   </datafield>
   <datafield ind2=" " ind1=" " tag="720">
      <subfield code="a">Roura i Pascual, Núria</subfield>
      <subfield code="e">author</subfield>
   </datafield>
   <datafield ind2=" " ind1=" " tag="720">
      <subfield code="a">Geniez, Philippe</subfield>
      <subfield code="e">author</subfield>
   </datafield>
   <datafield ind2=" " ind1=" " tag="720">
      <subfield code="a">Brotons, Lluís</subfield>
      <subfield code="e">author</subfield>
   </datafield>
   <datafield ind2=" " ind1=" " tag="260">
      <subfield code="c">2022</subfield>
   </datafield>
   <datafield ind2=" " ind1=" " tag="520">
      <subfield code="a">Discoglossus pictus is a North African amphibian that was introduced in southern France early the 20th century and has spread south and north along the Mediterranean coastal plains up to 170 km. In order to disentangle the conservation implications of the spread of D. pictus for sensitive native species, we examined the impact of long-term climate warming on the basis of niche overlap analysis, taking into account abiotic factors. The study area covered the distribution ranges of all genus Discoglossus species in northwestern Africa (659,784 km2), Sicily (27,711 km2), the Iberian Peninsula, and southern France (699,546 km2). Niche overlap was measured from species environmental spaces extracted via PCA, including climate and relief environmental variables. Current and future climatic suitability for each species was assessed in an ensemble-forecasting framework of species distribution models, built using contemporary species data and climate predictors and projected to 2070′s climatic conditions. Our results show a strong climatic niche overlap between D. pictus and native and endemic species in the Iberian Peninsula. In this context, all species will experience an increase in climatic suitability over the next decades, with the only exception being Pelodytes punctatus, which could be negatively affected by synergies between global warming and cohabitation with D. pictus.</subfield>
   </datafield>
   <datafield ind2=" " ind1=" " tag="520">
      <subfield code="a">This research received no external funding.</subfield>
   </datafield>
   <datafield tag="653" ind2=" " ind1=" ">
      <subfield code="a">Amphibia</subfield>
   </datafield>
   <datafield tag="653" ind2=" " ind1=" ">
      <subfield code="a">Discoglossidae</subfield>
   </datafield>
   <datafield tag="653" ind2=" " ind1=" ">
      <subfield code="a">Invasive species</subfield>
   </datafield>
   <datafield tag="653" ind2=" " ind1=" ">
      <subfield code="a">Climatic change</subfield>
   </datafield>
   <datafield tag="653" ind2=" " ind1=" ">
      <subfield code="a">Niche overlap</subfield>
   </datafield>
   <datafield tag="653" ind2=" " ind1=" ">
      <subfield code="a">Conservation</subfield>
   </datafield>
   <datafield ind2="0" ind1="0" tag="245">
      <subfield code="a">Global Warming and Long-Distance Spread of Invasive Discoglossus pictus (Amphibia, Alytidae): Conservation Implications for Protected Amphibians in the Iberian Peninsula</subfield>
   </datafield>
</record></metadata></record></GetRecord></OAI-PMH>